<?xml version="1.0" encoding="UTF-8"?>
<record
    xmlns:xsi="http://www.w3.org/2001/XMLSchema-instance"
    xsi:schemaLocation="http://www.loc.gov/MARC21/slim http://www.loc.gov/standards/marcxml/schema/MARC21slim.xsd"
    xmlns="http://www.loc.gov/MARC21/slim">

  <leader>00282nam a22001337a 4500</leader>
  <controlfield tag="003">SGT</controlfield>
  <datafield tag="082" ind1=" " ind2=" ">
    <subfield code="a">615.53</subfield>
    <subfield code="b">K17S</subfield>
  </datafield>
  <datafield tag="100" ind1=" " ind2=" ">
    <subfield code="a">SHARMA ,AJAY KUMAR</subfield>
  </datafield>
  <datafield tag="245" ind1=" " ind2=" ">
    <subfield code="a">KAYACHIKITSHA</subfield>
  </datafield>
  <datafield tag="260" ind1=" " ind2=" ">
    <subfield code="a">DELHI</subfield>
    <subfield code="b">CHAUKHAMBHA PUB</subfield>
    <subfield code="c">2017</subfield>
  </datafield>
  <datafield tag="300" ind1=" " ind2=" ">
    <subfield code="a">438</subfield>
  </datafield>
  <datafield tag="650" ind1=" " ind2=" ">
    <subfield code="a">AYURVEDA</subfield>
  </datafield>
  <datafield tag="942" ind1=" " ind2=" ">
    <subfield code="2">ddc</subfield>
    <subfield code="c">BK</subfield>
    <subfield code="0">6</subfield>
  </datafield>
  <datafield tag="952" ind1=" " ind2=" ">
    <subfield code="0">0</subfield>
    <subfield code="1">0</subfield>
    <subfield code="2">ddc</subfield>
    <subfield code="4">0</subfield>
    <subfield code="7">0</subfield>
    <subfield code="8">FA</subfield>
    <subfield code="a">APL</subfield>
    <subfield code="b">APL</subfield>
    <subfield code="c">TXT</subfield>
    <subfield code="d">2017-04-15</subfield>
    <subfield code="e">CHAUKHAMBHA PUB</subfield>
    <subfield code="g">325.00</subfield>
    <subfield code="h">4</subfield>
    <subfield code="i">SGTU</subfield>
    <subfield code="l">0</subfield>
    <subfield code="o">615.53 K17S</subfield>
    <subfield code="p">FA6521</subfield>
    <subfield code="r">2017-04-15 00:00:00</subfield>
    <subfield code="w">2017-04-06</subfield>
    <subfield code="y">BK</subfield>
    <subfield code="k">55/17-18</subfield>
  </datafield>
  <datafield tag="952" ind1=" " ind2=" ">
    <subfield code="0">0</subfield>
    <subfield code="1">0</subfield>
    <subfield code="2">ddc</subfield>
    <subfield code="4">0</subfield>
    <subfield code="7">0</subfield>
    <subfield code="8">FA</subfield>
    <subfield code="a">APL</subfield>
    <subfield code="b">APL</subfield>
    <subfield code="c">TXT</subfield>
    <subfield code="d">2017-04-15</subfield>
    <subfield code="e">CHAUKHAMBHA PUB</subfield>
    <subfield code="g">325.00</subfield>
    <subfield code="h">4</subfield>
    <subfield code="i">SGTU</subfield>
    <subfield code="l">0</subfield>
    <subfield code="o">615.53 K17S</subfield>
    <subfield code="p">FA6522</subfield>
    <subfield code="r">2017-04-15 00:00:00</subfield>
    <subfield code="w">2017-04-06</subfield>
    <subfield code="y">BK</subfield>
    <subfield code="k">55/17-18</subfield>
  </datafield>
  <datafield tag="952" ind1=" " ind2=" ">
    <subfield code="0">0</subfield>
    <subfield code="1">0</subfield>
    <subfield code="2">ddc</subfield>
    <subfield code="4">0</subfield>
    <subfield code="7">0</subfield>
    <subfield code="8">FA</subfield>
    <subfield code="a">APL</subfield>
    <subfield code="b">APL</subfield>
    <subfield code="c">TXT</subfield>
    <subfield code="d">2017-04-15</subfield>
    <subfield code="e">CHAUKHAMBHA PUB</subfield>
    <subfield code="g">325.00</subfield>
    <subfield code="h">4</subfield>
    <subfield code="i">SGTU</subfield>
    <subfield code="l">0</subfield>
    <subfield code="o">615.53 K17S</subfield>
    <subfield code="p">FA6523</subfield>
    <subfield code="r">2017-04-15 00:00:00</subfield>
    <subfield code="w">2017-04-06</subfield>
    <subfield code="y">BK</subfield>
    <subfield code="k">55/17-18</subfield>
  </datafield>
  <datafield tag="952" ind1=" " ind2=" ">
    <subfield code="0">0</subfield>
    <subfield code="1">0</subfield>
    <subfield code="2">ddc</subfield>
    <subfield code="4">0</subfield>
    <subfield code="7">0</subfield>
    <subfield code="8">FA</subfield>
    <subfield code="a">APL</subfield>
    <subfield code="b">APL</subfield>
    <subfield code="c">TXT</subfield>
    <subfield code="d">2017-04-15</subfield>
    <subfield code="e">CHAUKHAMBHA PUB</subfield>
    <subfield code="g">325.00</subfield>
    <subfield code="h">4</subfield>
    <subfield code="i">SGTU</subfield>
    <subfield code="l">10</subfield>
    <subfield code="o">615.53 K17S</subfield>
    <subfield code="p">FA6524</subfield>
    <subfield code="r">2025-09-18 00:00:00</subfield>
    <subfield code="s">2025-09-18</subfield>
    <subfield code="w">2017-04-06</subfield>
    <subfield code="y">BK</subfield>
    <subfield code="k">55/17-18</subfield>
  </datafield>
  <datafield tag="952" ind1=" " ind2=" ">
    <subfield code="0">0</subfield>
    <subfield code="1">0</subfield>
    <subfield code="2">ddc</subfield>
    <subfield code="4">0</subfield>
    <subfield code="7">0</subfield>
    <subfield code="8">FA</subfield>
    <subfield code="a">APL</subfield>
    <subfield code="b">APL</subfield>
    <subfield code="c">TXT</subfield>
    <subfield code="d">2017-04-15</subfield>
    <subfield code="e">CHAUKHAMBHA PUB</subfield>
    <subfield code="g">325.00</subfield>
    <subfield code="h">4</subfield>
    <subfield code="i">SGTU</subfield>
    <subfield code="l">8</subfield>
    <subfield code="o">615.53 K17S</subfield>
    <subfield code="p">FA6525</subfield>
    <subfield code="r">2022-03-30 00:00:00</subfield>
    <subfield code="s">2022-03-24</subfield>
    <subfield code="w">2017-04-06</subfield>
    <subfield code="y">BK</subfield>
    <subfield code="k">55/17-18</subfield>
  </datafield>
  <datafield tag="999" ind1=" " ind2=" ">
    <subfield code="c">11515</subfield>
    <subfield code="d">11515</subfield>
  </datafield>
</record>
